[Event "Wch U18 Girls"]
[Site "Mamaia"]
[Date "2022.09.13"]
[Round "8"]
[White "Lehaci, Miruna Daria"]
[Black "Velea, Anne Marie"]
[Result "1-0"]
[WhiteElo "2199"]
[BlackElo "1954"]
[PlyCount "105"]
[EventDate "2022.09.06"]
[EventType "swiss"]
[EventRounds "11"]
[EventCountry "ROU"]
[SourceTitle "CBM 210 Extra"]
[Source "ChessBase"]
[SourceDate "2022.11.30"]
[SourceVersion "1"]
[SourceVersionDate "2022.11.30"]
[SourceQuality "1"]

1. e4 c5 2. f4 Nc6 3. Nf3 g6 4. Bb5 Nd4 5. Bc4 Bg7 6. c3 Nxf3+ 7. Qxf3 e6 8. d3 Ne7 9. Be3 d6 10. g4 0-0 11. Bb3 Qc7 12. f5 exf5 13. gxf5 Nc6 14. Nd2 Ne5 15. Qe2 b5 16. d4 Nc4 17. Bxc4 bxc4 18. dxc5 dxc5 19. Qxc4 gxf5 20. Rg1 Be6 21. Qxc5 Qxc5 22. Bxc5 Rfd8 23. Be7 Kh8 24. Bxd8 Rxd8 25. exf5 Bxf5 26. Nf3 Rb8 27. Nd4 Be4 28. b3 Rc8 29. Ne2 Be5 30. h3 Bh2 31. Rf1 Re8 32. 0-0-0 Be5 33. Nd4 f6 34. Rde1 Bg6 35. Kb2 Rd8 36. a4 a5 37. Rd1 Rc8 38. Rd2 Bf7 39. Re2 Bd5 40. Re3 Rb8 41. Nb5 Kg7 42. Rd1 Bf4 43. Re7+ Kf8 44. Rxh7 Bg8 45. Rhd7 Ke8 46. Rg7 Be6 47. h4 Be5 48. h5 f5 49. Rg2 f4 50. Re2 f3 51. Rxe5 Kf7 52. Rf1 Bg4 53. Rg5 1-0

[Event "Wch U18 Girls"]
[Site "Mamaia"]
[Date "2022.09.11"]
[Round "6"]
[White "Velea, Anne Marie"]
[Black "Sinitsina, Anastassia"]
[Result "1/2-1/2"]
[WhiteElo "1954"]
[BlackElo "2192"]
[PlyCount "111"]
[EventDate "2022.09.06"]
[EventType "swiss"]
[EventRounds "11"]
[EventCountry "ROU"]
[SourceTitle "CBM 210 Extra"]
[Source "ChessBase"]
[SourceDate "2022.11.30"]
[SourceVersion "1"]
[SourceVersionDate "2022.11.30"]
[SourceQuality "1"]

1. e4 e5 2. Nf3 Nc6 3. Nc3 Nf6 4. d4 exd4 5. Nxd4 Bb4 6. Nxc6 bxc6 7. Bd3 d5 8. exd5 cxd5 9. 0-0 0-0 10. h3 h6 11. Bf4 Bd6 12. Qf3 c6 13. Rfe1 Be6 14. Ne2 c5 15. Rad1 Rb8 16. b3 Rb4 17. Bxd6 Qxd6 18. c3 Rb6 19. Nf4 a5 20. Bc4 Rd8 21. Nh5 Nxh5 22. Qxh5 d4 23. Bxe6 fxe6 24. cxd4 cxd4 25. Qxa5 Ra6 26. Qd2 Qd5 27. Re2 e5 28. Qd3 Rc6 29. Qf5 Re8 30. f4 Rf6 31. Qe4 Qc5 32. fxe5 d3+ 33. Re3 Rfe6 34. b4 Qa7 35. Kh2 Qxa2 36. Qxd3 Rxe5 37. Rxe5 Rxe5 38. Qg6 Qa8 39. Qd6 Qe4 40. Qd8+ Kf7 41. Rf1+ Kg6 42. Qd6+ Kh7 43. Qd2 Rg5 44. Rf3 Rb5 45. Qf4 Rxb4 46. Qxe4+ Rxe4 47. Kg3 g5 48. Ra3 Re6 49. h4 Kg6 50. hxg5 hxg5 51. Kf3 Rb6 52. g4 Rc6 53. Kg3 Rf6 54. Rb3 Ra6 55. Rc3 Rb6 56. Ra3 1/2-1/2

[Event "Wch U18 Girls"]
[Site "Mamaia"]
[Date "2022.09.09"]
[Round "4"]
[White "Reger, Valeriia"]
[Black "Velea, Anne Marie"]
[Result "0-1"]
[WhiteElo "2062"]
[BlackElo "1954"]
[PlyCount "84"]
[EventDate "2022.09.06"]
[EventType "swiss"]
[EventRounds "11"]
[EventCountry "ROU"]
[SourceTitle "CBM 210 Extra"]
[Source "ChessBase"]
[SourceDate "2022.11.30"]
[SourceVersion "1"]
[SourceVersionDate "2022.11.30"]
[SourceQuality "1"]

1. d4 d5 2. Nf3 Nf6 3. Bf4 e6 4. e3 Bd6 5. Bg3 0-0 6. Nbd2 c5 7. c3 Qc7 8. Bd3 Nbd7 9. Qe2 e5 10. dxe5 Nxe5 11. Nxe5 Bxe5 12. Nf3 Bd6 13. Qc2 Re8 14. Rd1 Bd7 15. Kf1 Bc6 16. Bf5 g6 17. Bd3 Ng4 18. h3 Nxe3+ 19. fxe3 Bxg3 20. Qd2 Qe7 21. h4 Qxe3 22. Qxe3 Rxe3 23. Rh3 Rxd3 24. Rxd3 Bb5 25. Ne1 Bxe1 26. Kxe1 Bxd3 27. Rxd3 Re8+ 28. Kf2 Re5 29. c4 d4 30. b4 cxb4 31. Rxd4 Ra5 32. Rd2 Ra3 33. c5 Rc3 34. Rd7 Rxc5 35. Rxb7 Rc2+ 36. Kf3 a5 37. a4 Ra2 38. g4 Rxa4 39. Kf4 b3+ 40. Kg5 Rb4 41. Ra7 b2 42. Kh6 Rb8 0-1

[Event "USA-ch U20 Girls"]
[Site "Saint Louis"]
[Date "2022.07.11"]
[Round "5"]
[White "Velea, Anne Marie"]
[Black "Lee, Alice"]
[Result "0-1"]
[WhiteElo "1956"]
[BlackElo "2288"]
[PlyCount "70"]
[EventDate "2022.07.07"]
[EventType "tourn"]
[EventRounds "9"]
[EventCountry "USA"]
[SourceTitle "CBM 209 Extra"]
[Source "ChessBase"]
[SourceDate "2022.09.30"]
[SourceVersion "1"]
[SourceVersionDate "2022.09.30"]
[SourceQuality "1"]

1. e4 c5 2. Nf3 d6 3. Bb5+ Bd7 4. Bxd7+ Nxd7 5. 0-0 Ngf6 6. Re1 e6 7. c3 Be7 8. d4 0-0 9. h3 Rc8 10. Bf4 Qb6 11. Qb3 Qc6 12. Nbd2 cxd4 13. Nxd4 Qa6 14. N2f3 Nc5 15. Qb5 Nd3 16. Bxd6 Bxd6 17. Qxa6 bxa6 18. e5 Nxe1 19. Rxe1 Ba3 20. exf6 Bxb2 21. fxg7 Kxg7 22. Rb1 Bxc3 23. Rb7 Bxd4 24. Nxd4 Kf6 25. Rxa7 Ra8 26. Rb7 Rfb8 27. Rb3 Rxb3 28. Nxb3 Rc8 29. a4 Rc4 30. a5 Ra4 31. Kf1 Ra3 32. Nc5 Rxa5 33. Ne4+ Kf5 34. Nd6+ Kg6 35. Ke2 Re5+ 0-1

[Event "USA-ch U20 Girls"]
[Site "Saint Louis"]
[Date "2022.07.08"]
[Round "2"]
[White "Tang, Zoey"]
[Black "Velea, Anne Marie"]
[Result "1/2-1/2"]
[WhiteElo "2133"]
[BlackElo "1956"]
[PlyCount "86"]
[EventDate "2022.07.07"]
[EventType "tourn"]
[EventRounds "9"]
[EventCountry "USA"]
[SourceTitle "CBM 209 Extra"]
[Source "ChessBase"]
[SourceDate "2022.09.30"]
[SourceVersion "1"]
[SourceVersionDate "2022.09.30"]
[SourceQuality "1"]

1. Nf3 d5 2. e3 Nf6 3. c4 e6 4. Nc3 c6 5. b3 Bd6 6. Bb2 0-0 7. d4 Nbd7 8. Qc2 b6 9. Be2 Bb7 10. 0-0 c5 11. cxd5 Nxd5 12. Nxd5 Bxd5 13. e4 Bb7 14. Rad1 cxd4 15. Nxd4 Rc8 16. Qd2 Nc5 17. Qe3 Qe7 18. Bf3 Rfd8 19. Rfe1 Be5 20. g3 Rd7 21. Nc6 Bxc6 22. Bxe5 Rcd8 23. Rxd7 Rxd7 24. Bd4 e5 25. Bxc5 bxc5 26. Rc1 Rd4 27. Qc3 c4 28. bxc4 Qc5 29. Qe3 h6 30. h3 Qb4 31. c5 Qb2 32. Qc3 Qxa2 33. Ra1 Qc4 34. Qxc4 Rxc4 35. Rxa7 Rxc5 36. Rc7 Rc2 37. Rc8+ Kh7 38. Rc7 Kg6 39. h4 h5 40. Kg2 Kf6 41. Ra7 Kg6 42. Rc7 Kf6 43. Ra7 Kg6 1/2-1/2

[Event "USA-ch U20 Girls"]
[Site "Saint Louis"]
[Date "2022.07.07"]
[Round "1"]
[White "Velea, Anne Marie"]
[Black "Cervantes Landeiro, Thalia"]
[Result "0-1"]
[WhiteElo "1956"]
[BlackElo "2234"]
[PlyCount "88"]
[EventDate "2022.07.07"]
[EventType "tourn"]
[EventRounds "9"]
[EventCountry "USA"]
[SourceTitle "CBM 209 Extra"]
[Source "ChessBase"]
[SourceDate "2022.09.30"]
[SourceVersion "1"]
[SourceVersionDate "2022.09.30"]
[SourceQuality "1"]

1. e4 c5 2. Nf3 d6 3. Bb5+ Nd7 4. c3 Ngf6 5. Qe2 a6 6. Ba4 b5 7. Bc2 Bb7 8. d4 cxd4 9. cxd4 Rc8 10. 0-0 Rxc2 11. Qxc2 Bxe4 12. Qe2 e6 13. Nc3 Bc6 14. a3 Be7 15. Bf4 0-0 16. Nd2 Qa8 17. f3 Nd5 18. Nxd5 Bxd5 19. Rfe1 Qa7 20. Qf2 f5 21. h4 Bf6 22. Be3 f4 23. Bxf4 Bxh4 24. Qxh4 Qxd4+ 25. Qf2 Qxf4 26. Qe3 Qg3 27. Ne4 Qg6 28. Rf1 Ne5 29. Nd2 h5 30. Rae1 Nd3 31. Re2 Nf4 32. Ne4 Bc4 33. Rd2 Bxf1 34. Kxf1 d5 35. Nc5 Qb1+ 36. Qe1 Qf5 37. Qe3 e5 38. Nxa6 Rc8 39. Nc5 Qb1+ 40. Kf2 Qh1 41. Qxe5 Qxg2+ 42. Ke3 Qg1+ 43. Rf2 Qe1+ 44. Kxf4 Rf8+ 0-1

[Event "Pan American-ch U16 Girls"]
[Site "Guayaquil"]
[Date "2019.07.27"]
[Round "9"]
[White "Garcia Andrada, Heidy Nicole"]
[Black "Velea, Anne Marie"]
[Result "1/2-1/2"]
[WhiteElo "1841"]
[BlackElo "1994"]
[PlyCount "79"]
[EventDate "2019.07.21"]
[EventType "swiss"]
[EventRounds "9"]
[EventCountry "ECU"]
[SourceTitle "EXT 2021"]
[Source "ChessBase"]
[SourceDate "2020.10.23"]
[SourceVersion "1"]
[SourceVersionDate "2020.10.23"]
[SourceQuality "1"]

1. e4 c5 2. Nf3 d6 3. d4 cxd4 4. Qxd4 a6 5. c4 Nc6 6. Qd2 g6 7. Nc3 Bg7 8. Be2 Bg4 9. 0-0 Bxf3 10. Bxf3 Ne5 11. Be2 Rc8 12. b3 Nf6 13. Bb2 Qa5 14. Rfd1 Qc5 15. Qd4 0-0 16. Qxc5 Rxc5 17. Rac1 Rfc8 18. Na4 R5c7 19. f4 Ned7 20. e5 dxe5 21. fxe5 Ne8 22. Bg4 e6 23. Bf3 Rb8 24. Re1 b5 25. cxb5 Rxc1 26. Rxc1 axb5 27. Nc5 Nxe5 28. Bxe5 Bxe5 29. Nd7 Bd4+ 30. Kf1 Rd8 31. Bc6 Rc8 32. Ke2 Nf6 33. Nxf6+ Bxf6 34. a4 bxa4 35. bxa4 Kf8 36. a5 Ke7 37. a6 Bd4 38. Rc2 Kd6 39. Be4 Rxc2+ 40. Bxc2 1/2-1/2

[Event "Wch U14 Girls"]
[Site "Porto Carras"]
[Date "2018.10.30"]
[Round "11.28"]
[White "Obada, Ema"]
[Black "Velea, Anne Marie"]
[Result "1/2-1/2"]
[WhiteElo "1811"]
[BlackElo "1859"]
[PlyCount "46"]
[EventDate "2018.10.20"]
[EventType "swiss"]
[EventRounds "11"]
[EventCountry "GRE"]
[SourceTitle "CBM 187 Extra"]
[Source "ChessBase"]
[SourceDate "2018.11.04"]
[SourceVersion "1"]
[SourceVersionDate "2018.11.04"]
[SourceQuality "1"]

1. e4 c5 2. Nc3 Nc6 3. Bb5 Nd4 4. Bc4 g6 5. Nge2 Bg7 6. 0-0 d6 7. d3 e6 8. f4 Ne7 9. Nxd4 Bxd4+ 10. Kh1 0-0 11. Bb3 b6 12. Ne2 Bg7 13. Ng3 d5 14. Qe2 b5 15. c3 f5 16. e5 Bb7 17. Be3 Qc7 18. Qf2 Rfc8 19. Ne2 Bf8 20. Ng1 a6 21. Nf3 h6 22. h4 h5 23. Ng5 Qc6 1/2-1/2

[Event "Wch U14 Girls"]
[Site "Porto Carras"]
[Date "2018.10.21"]
[Round "3"]
[White "Galvan Cipriani, Viviana"]
[Black "Velea, Anne Marie"]
[Result "1-0"]
[WhiteElo "2109"]
[BlackElo "1859"]
[PlyCount "51"]
[EventDate "2018.10.20"]
[EventType "swiss"]
[EventRounds "11"]
[EventCountry "GRE"]
[SourceTitle "CBM 187 Extra"]
[Source "ChessBase"]
[SourceDate "2018.11.04"]
[SourceVersion "1"]
[SourceVersionDate "2018.11.04"]
[SourceQuality "1"]

1. c4 e6 2. Nf3 d5 3. b3 Nf6 4. Bb2 b6 5. g3 Bb7 6. Bg2 Bd6 7. d3 0-0 8. Nbd2 Nbd7 9. Qc2 c5 10. 0-0 d4 11. e3 e5 12. exd4 exd4 13. Ne4 Nxe4 14. dxe4 Qc7 15. Nh4 Rae8 16. Nf5 f6 17. f4 Bc6 18. Rae1 g6 19. Nh4 Kg7 20. Bc1 Re7 21. Qd2 Rfe8 22. e5 Bxg2 23. exd6 Bxf1 24. Rxe7+ Rxe7 25. dxc7 Re8 26. Kxf1 1-0

[Event "Pan American-ch U14 Girls"]
[Site "Santiago de Chile"]
[Date "2018.07.27"]
[Round "7"]
[White "Arauco Celestino, Arianna Sofia"]
[Black "Velea, Anne Marie"]
[Result "0-1"]
[WhiteElo "1645"]
[BlackElo "1773"]
[PlyCount "102"]
[EventDate "2018.07.22"]
[EventType "swiss"]
[EventRounds "9"]
[EventCountry "CHI"]
[SourceTitle "EXT 2022"]
[Source "ChessBase"]
[SourceDate "2021.10.06"]
[SourceVersion "1"]
[SourceVersionDate "2021.10.06"]
[SourceQuality "1"]

1. d4 d5 2. Bg5 Nf6 3. Bxf6 exf6 4. e3 Bf5 5. Bd3 Bxd3 6. Qxd3 c6 7. Nd2 Bd6 8. Ne2 0-0 9. 0-0 Re8 10. c4 dxc4 11. Nxc4 Na6 12. Qb3 Rb8 13. Nxd6 Qxd6 14. Rfd1 Nc7 15. Ng3 g6 16. e4 h5 17. Qf3 Rbd8 18. e5 Qe6 19. Ne4 Nd5 20. Nc5 Qe7 21. exf6 Nxf6 22. Nxb7 Rxd4 23. Na5 Rxd1+ 24. Qxd1 Ng4 25. Nb3 Qe5 26. g3 Qxb2 27. Qf3 Re2 28. Rf1 Re6 29. Qd1 Qxa2 30. h3 Nf6 31. Qd8+ Re8 32. Qxf6 Qxb3 33. Qxc6 Qe6 34. Qxe6 Rxe6 35. Rc1 a5 36. Ra1 Ra6 37. Kg2 a4 38. Kh2 a3 39. Kg2 a2 40. Kf3 Kg7 41. Ke3 Kf6 42. f4 Kf5 43. Kf2 Ke4 44. Ke2 Ra3 45. Kf2 Kd3 46. Kf3 Kc2+ 47. Ke4 Kb2 48. Rd1 a1Q 49. Rxa1 Rxa1 50. f5 Ra4+ 51. Kf3 gxf5 0-1

[Event "Pan American-ch U14 Girls"]
[Site "Santiago de Chile"]
[Date "2018.07.25"]
[Round "5"]
[White "Velea, Anne Marie"]
[Black "Yellamraju, Ambica"]
[Result "1/2-1/2"]
[WhiteElo "1773"]
[BlackElo "1688"]
[PlyCount "59"]
[EventDate "2018.07.22"]
[EventType "swiss"]
[EventRounds "9"]
[EventCountry "CHI"]
[SourceTitle "EXT 2022"]
[Source "ChessBase"]
[SourceDate "2021.10.06"]
[SourceVersion "1"]
[SourceVersionDate "2021.10.06"]
[SourceQuality "1"]

1. e4 e6 2. d4 d5 3. Nc3 Nf6 4. e5 Nfd7 5. f4 c5 6. Nf3 Nc6 7. Be3 a6 8. Qd2 b5 9. dxc5 Bxc5 10. Bxc5 Nxc5 11. Nd4 Nxd4 12. Qxd4 Qc7 13. Be2 Bb7 14. Bf3 Nd7 15. 0-0 0-0 16. Rad1 Rac8 17. Rd2 Qc4 18. Rfd1 b4 19. Ne2 a5 20. Qxc4 Rxc4 21. Nd4 Ba6 22. Kf2 Rc7 23. Re1 Re8 24. g4 Nc5 25. b3 Kf8 26. f5 Ke7 27. h4 g6 28. Ke3 Rh8 29. Kf4 h6 30. Rg1 1/2-1/2

[Event "Pan American-ch U14 Girls"]
[Site "Santiago de Chile"]
[Date "2018.07.22"]
[Round "1"]
[White "Velea, Anne Marie"]
[Black "Yellamraju, Aparna"]
[Result "1/2-1/2"]
[WhiteElo "1773"]
[BlackElo "1500"]
[PlyCount "53"]
[EventDate "2018.07.22"]
[EventType "swiss"]
[EventRounds "9"]
[EventCountry "CHI"]
[SourceTitle "EXT 2022"]
[Source "ChessBase"]
[SourceDate "2021.10.06"]
[SourceVersion "1"]
[SourceVersionDate "2021.10.06"]
[SourceQuality "1"]

1. e4 e6 2. d4 d5 3. Nc3 Nf6 4. Bg5 Be7 5. e5 Nfd7 6. h4 Bxg5 7. hxg5 Qxg5 8. Nh3 Qe7 9. Qg4 g6 10. Nf4 a6 11. 0-0-0 c5 12. dxc5 Nxe5 13. Qe2 Nbc6 14. Nd3 Nxd3+ 15. Rxd3 Bd7 16. f4 0-0-0 17. Na4 Qf6 18. Nb6+ Kb8 19. Qd2 Qe7 20. Rb3 Ka7 21. Na4 Nb8 22. Qd4 Nc6 23. Qd2 Nb8 24. Qd4 Nc6 25. Qd2 Nb8 26. Qd4 Nc6 27. Qd2 1/2-1/2

[Event "Seattle Classic op"]
[Site "Seattle"]
[Date "2017.08.18"]
[Round "4"]
[White "Mukumbya, Benjamin"]
[Black "Velea, Anne Marie"]
[Result "1/2-1/2"]
[WhiteElo "1924"]
[BlackElo "1546"]
[PlyCount "103"]
[EventDate "2017.08.16"]
[EventType "swiss"]
[EventRounds "9"]
[EventCountry "USA"]
[SourceTitle "EXT 2023"]
[Source "ChessBase"]
[SourceDate "2022.10.05"]
[SourceVersion "1"]
[SourceVersionDate "2022.10.05"]
[SourceQuality "1"]

1. e4 c5 2. Nc3 Nc6 3. Nge2 g6 4. g3 Bg7 5. Bg2 e6 6. d3 Nge7 7. Be3 Nd4 8. Qd2 d6 9. 0-0 0-0 10. Nd1 Rb8 11. Nxd4 cxd4 12. Bh6 b5 13. h4 Bb7 14. f3 Re8 15. Bxg7 Kxg7 16. h5 Nc6 17. Kh2 f6 18. Nf2 g5 19. f4 h6 20. fxg5 fxg5 21. Kh1 Rf8 22. Nh3 Qe7 23. Ng1 Rxf1 24. Rxf1 Rf8 25. Rf3 Rf6 26. Qf2 Qf7 27. Bh3 a6 28. a3 Rxf3 29. Qxf3 Ne5 30. Qxf7+ Kxf7 31. Ne2 g4 32. Bg2 Nc6 33. Nf4 e5 34. Ng6 Ne7 35. Nh4 Kf6 36. Kg1 Kg5 37. c3 Kxh5 38. cxd4 exd4 39. Kf2 Kg5 40. Ke2 d5 41. Kd2 Kf6 42. Kc2 Ke5 43. Nf5 Nxf5 44. exf5 Kxf5 45. Kd2 h5 46. Ke2 Kg5 47. b4 h4 48. Kf2 hxg3+ 49. Kxg3 Ba8 50. Bf1 Bb7 51. Bg2 Ba8 52. Bf1 1/2-1/2

[Event "Wch U12 Girls"]
[Site "Batumi"]
[Date "2016.10.26"]
[Round "7"]
[White "Velea, Anne Marie"]
[Black "Sim, Jia Ru"]
[Result "0-1"]
[WhiteElo "1350"]
[BlackElo "1501"]
[PlyCount "106"]
[EventDate "2016.10.19"]
[EventType "swiss"]
[EventRounds "11"]
[EventCountry "GEO"]
[SourceTitle "EXT 2018"]
[Source "ChessBase"]
[SourceDate "2017.10.13"]
[SourceVersion "1"]
[SourceVersionDate "2017.10.13"]
[SourceQuality "1"]

1. e4 c5 2. Nf3 Nc6 3. Bb5 g6 4. c3 Nf6 5. Qe2 Bg7 6. 0-0 0-0 7. d4 cxd4 8. cxd4 d5 9. e5 Ne4 10. Nbd2 Nxd2 11. Bxd2 Bf5 12. Bxc6 bxc6 13. Rac1 Qb6 14. b3 Rac8 15. Rc5 Rfe8 16. Rfc1 Bf8 17. Nh4 Bd7 18. Be3 f6 19. f4 f5 20. Nf3 e6 21. R5c2 Rc7 22. Qf2 Bc8 23. h3 Ba6 24. Ne1 Ba3 25. Rd1 Rf7 26. Nd3 Bxd3 27. Rxd3 Rc8 28. Bc1 Bf8 29. Be3 Qb5 30. Rd1 Rfc7 31. Qf1 Qxf1+ 32. Kxf1 Kf7 33. Ke2 Ba3 34. Bc1 Be7 35. Be3 h6 36. g3 g5 37. Rdc1 Kg6 38. Kf3 Ba3 39. Rg1 Be7 40. Rgc1 Bf8 41. Rh1 Rb8 42. Rhc1 Rb6 43. Bd2 Ra6 44. b4 Rb6 45. a3 a6 46. Rd1 Be7 47. Be1 Rb8 48. Bf2 Rb5 49. Rdc1 a5 50. bxa5 Rxa5 51. Ra1 Bxa3 52. Rxa3 Rxa3+ 53. Kg2 c5 0-1

[Event "Wch U12 Girls"]
[Site "Batumi"]
[Date "2016.10.19"]
[Round "1"]
[White "Velea, Anne Marie"]
[Black "Kamalidenova, Meruert"]
[Result "0-1"]
[WhiteElo "1350"]
[BlackElo "1761"]
[PlyCount "112"]
[EventDate "2016.10.19"]
[EventType "swiss"]
[EventRounds "11"]
[EventCountry "GEO"]
[SourceTitle "EXT 2018"]
[Source "ChessBase"]
[SourceDate "2017.10.13"]
[SourceVersion "1"]
[SourceVersionDate "2017.10.13"]
[SourceQuality "1"]

1. e4 e5 2. Nf3 Nc6 3. Nc3 Nf6 4. Bb5 Bc5 5. Nxe5 Bxf2+ 6. Kxf2 Nxe5 7. d4 Ng6 8. Bg5 h6 9. Bd2 c6 10. Be2 d6 11. Rf1 0-0 12. Kg1 Re8 13. Bf3 Nh4 14. h3 Nxf3+ 15. Qxf3 Qb6 16. Bxh6 Qxd4+ 17. Kh1 Re6 18. Be3 Qb4 19. Rab1 Bd7 20. a3 Qc4 21. Rbd1 Rf8 22. Bxa7 c5 23. Qd3 Qa6 24. Qxa6 bxa6 25. b4 Ra8 26. Bb6 Rc8 27. bxc5 dxc5 28. Ba5 Bb5 29. Rfe1 Bc6 30. e5 Nh5 31. Kh2 Nf4 32. g3 Ng6 33. g4 Nxe5 34. Kg3 Rce8 35. Rd8 Nc4 36. Rxe8+ Rxe8 37. Rxe8+ Bxe8 38. Bc7 Nxa3 39. Bd6 Nxc2 40. Bxc5 a5 41. Kf2 a4 42. Ke2 Na1 43. Ba3 Nb3 44. Kd3 Na5 45. Kd4 Nc6+ 46. Kc5 Ne5 47. Kd4 f6 48. Bd6 Nf7 49. Kd5 Nxd6 50. Kxd6 a3 51. h4 Bf7 52. g5 fxg5 53. hxg5 a2 54. Nxa2 Bxa2 55. Ke7 Kh7 56. Ke8 Kg6 0-1